| 000 | 00842nam a2200217 i 4500 | ||
|---|---|---|---|
| 001 | 32283 | ||
| 003 | ES-MaACL | ||
| 005 | 20230906154538.0 | ||
| 007 | t| | ||
| 008 | 030130s1833 sp ||||1| spa d | ||
| 080 | _a811.14'36 | ||
| 100 | 0 |
_aBergnes de las Casas, Antonio, _d1801-1879 _928006 |
|
| 245 | 1 | 0 |
_aNueva gramática griega compuesta con presencia de las han publicado los mas célebres helenistas de Europa / _cAntonio Bergnes de las Casas. |
| 260 |
_aBarcelona : _bBergnes y Cía, _c1833. |
||
| 300 |
_a400 p. ; _c23 cm. |
||
| 530 | _aDisponible también en sitio web. | ||
| 650 | 0 | 4 |
_aLengua griega- _xGramática. _914245 |
| 852 |
_aES-MaACL _jC-3220 |
||
| 856 |
_uhttp://bibliotecadigitalhispanica.bne.es:80/webclient/DeliveryManager?pid=2700936&custom_att_2=simple_viewer _zIr a la página |
||
| 999 |
_c32283 _d32283 |
||